Vesnjanyj došč

Bibliographic Details
Main Author: Pidhirjanka, Marijka, 1881-1963 (Author)
Format: Article
Language:Ukrainian
Subjects:

MARC

LEADER 00000nab a2200000 4500
001 vtls011931077
003 SK-MaSNL
005 20260303095452.0
008 200507c2020 xo zr|p || ||00 c0ukr
015 |a SNBRB2020/04 
038 |a SVKPOCL 
040 |a SVKPOCL  |b slo  |c SVKPOCL  |e rda 
041 0 |a ukr 
044 |a xo  |c SK 
072 7 |a 821.161  |x Východoslovanské literatúry  |2 konspekt 
080 |a 821.161.2-1-053.2  |2 2011 
080 |a 821.161.2-1  |2 2011 
080 |a (477)  |2 2011 
100 1 |a Pidhirjanka, Marijka,  |d 1881-1963  |4 aut  |9 905798 
245 1 0 |a Vesnjanyj došč  |c Marijka Pidhirjanka 
336 |a text  |b txt  |2 rdacontent 
337 |a bez média  |b n  |2 rdamedia 
338 |a zväzok  |b nc  |2 rdacarrier 
500 |a V rubrike Čy znajete vy ščo- 
650 0 7 |a ukrajinské básne  |2 svkpocl  |9 857154 
650 0 7 |a ukrajinská poézia  |2 SNKPH  |9 59029 
650 0 7 |a ukrajinská literatúra  |2 SNKPH  |9 1218 
650 0 7 |a poézia pre deti  |2 SNKPH  |9 31212 
655 7 |a ukrajinská poézia  |2 SNKPH  |9 70502 
655 7 |a poézia pre deti  |2 SNKPH  |9 86748 
773 0 |t Veselka  |g Roč. 68, č. 7 (2019/2020), s. 3 
852 |a SVKPO  |b KIS3GCP 
958 |a SS 
958 |a LX 
958 |a UA 
958 |a NM 
958 |a DB 
999 |c 1825152  |d 1827082